000 01144cab a2200289 4500
001 ABS50377
008 090401t1994 xxu||||| |||| 00| 0 eng d
035 _a(Sirsi) u75483
041 _aeng
100 _aAouad, G.
245 _aConstruction planning and information technology in the UK and US construction industries: a compararive study
260 _c1994
350 _a0
490 _aConstruction Management & Economics
_v12(2) 1994 97-106(10)
520 _aCompares planning techniques and IT applications amongst leading UK and US contractors assessing the viability of developing integrated systems in construction planning. Results based on a questionnaire sent to 100 UK and 400 US contractors as part of research carried out by Loughborough University.
650 _aCONSTRUCTION PLANNING
650 _aCONTRACTORS
650 _aINTEGRATED SYSTEMS
650 _aUNITED KINGDOM
650 _aUNITED STATES
690 _aBUILT ENVIRONMENT
690 _aMANAGEMENT-BUSINESS MANAGEMENT-INFORMATION MANAGEMENT
690 _aOVERSEAS-NORTH AMERICA
700 _aPrice, A.D.F.
942 _n0
948 _c04/03/1997
999 _c47509
_d47509